[Event "Wch Seniors 50 32nd"]
[Site "Porto Santo"]
[Date "2024.11.20"]
[Round "4"]
[White "Piskov, Yury"]
[Black "Mantovani, Renzo"]
[Result "1/2-1/2"]
[WhiteElo "2442"]
[BlackElo "2207"]
[PlyCount "27"]
[EventDate "2024.11.17"]
[EventType "swiss"]
[EventRounds "11"]
[EventCountry "POR"]
[SourceTitle "CB49_2024"]
[SourceDate "2024.12.04"]
[SourceVersion "1"]
[SourceVersionDate "2024.12.04"]
[SourceQuality "1"]

1. d4 Nf6 2. c4 e5 3. e3 exd4 4. exd4 Bb4+ 5. Bd2 Qe7+ 6. Qe2 Nc6 7. Qxe7+ Bxe7 8. Nf3 d5 9. c5 0-0 10. Bb5 Nd8 11. Nc3 Bf5 12. 0-0 c6 13. Be2 Ne6 14. Be3 1/2-1/2

[Event "Titled Tuesday intern op 11th Apr Early"]
[Site "Chess.com INT"]
[Date "2023.04.11"]
[Round "1"]
[White "Piskov, Yury"]
[Black "Iglesias, Yosha"]
[Result "1-0"]
[WhiteElo "2442"]
[BlackElo "2199"]
[PlyCount "51"]
[EventDate "2023.04.11"]
[EventType "swiss (blitz)"]
[EventRounds "11"]
[EventCountry "USA"]
[SourceTitle "CBM 213 Extra"]
[Source "ChessBase"]
[SourceDate "2023.05.31"]
[SourceVersion "1"]
[SourceVersionDate "2023.05.31"]
[SourceQuality "1"]

1. e4 c5 2. Nf3 d6 3. c3 Nf6 4. Qc2 Qc7 5. d4 cxd4 6. Nxd4 a6 7. Nf3 Nc6 8. Bc4 e6 9. 0-0 Be7 10. Bf4 0-0 11. a4 h6 12. Rd1 e5 13. Be3 Bg4 14. Nbd2 Rac8 15. b4 Bxf3 16. gxf3 Nxb4 17. cxb4 b5 18. axb5 axb5 19. Ra7 Qc6 20. Rxe7 bxc4 21. Qc3 d5 22. Bc5 dxe4 23. Rxe5 exf3 24. Bxf8 Kxf8 25. Rc5 Qb7 26. Qxf3 1-0

[Event "Titled Tuesday intern op 04th Apr Early"]
[Site "Chess.com INT"]
[Date "2023.04.04"]
[Round "2"]
[White "Horak, Martin"]
[Black "Piskov, Yury"]
[Result "1/2-1/2"]
[WhiteElo "2260"]
[BlackElo "2442"]
[PlyCount "131"]
[EventDate "2023.04.04"]
[EventType "swiss (blitz)"]
[EventRounds "11"]
[EventCountry "USA"]
[SourceTitle "EXT 2024"]
[Source "ChessBase"]
[SourceDate "2023.10.10"]
[SourceVersion "1"]
[SourceVersionDate "2023.10.10"]
[SourceQuality "1"]

1. d4 Nf6 2. Nf3 e6 3. c4 d5 4. Nc3 c5 5. cxd5 exd5 6. g3 Nc6 7. Bg2 Ne4 8. 0-0 h6 9. Nxe4 dxe4 10. Ne5 Nxe5 11. dxe5 Qxd1 12. Rxd1 Bf5 13. f4 h5 14. h4 Rh6 15. Be3 Rb6 16. b3 a5 17. Rac1 Rc6 18. a4 Be7 19. Rc4 Rb6 20. Bxc5 Bxc5+ 21. Rxc5 Rxb3 22. Kf2 Rb4 23. Rb5 Rxb5 24. axb5 a4 25. Ke3 a3 26. Bxe4 Bxe4 27. Kxe4 a2 28. Ra1 Kd7 29. Kd5 Ra4 30. Kc5 f6 31. exf6 gxf6 32. Kb6 Kc8 33. e4 Ra3 34. e5 fxe5 35. fxe5 Kb8 36. e6 Kc8 37. e7 Kd7 38. Kxb7 Kxe7 39. b6 Kd6 40. Kb8 Kc6 41. b7 Rb3 42. Rc1+ Kd7 43. Rd1+ Kc6 44. Rc1+ Kb6 45. Kc8 Ka7 46. Ra1 Rc3+ 47. Kd7 Rc2 48. Ke6 Kxb7 49. Kf5 Rg2 50. Kg5 Rxg3+ 51. Kxh5 Rg2 52. Kh6 Kc7 53. h5 Kd7 54. Kh7 Ke6 55. h6 Kf5 56. Kh8 Kg6 57. h7 Kf6 58. Rf1+ Ke5 59. Ra1 Kf6 60. Rf1+ Kg6 61. Ra1 Rh2 62. Rg1+ Kf7 63. Rf1+ Kg6 64. Rg1+ Kf7 65. Rf1+ Kg6 66. Rg1+ 1/2-1/2

[Event "Titled Tuesday intern op 04th Apr Early"]
[Site "Chess.com INT"]
[Date "2023.04.04"]
[Round "3"]
[White "Piskov, Yury"]
[Black "Langheinrich, Ferenc"]
[Result "1-0"]
[WhiteElo "2442"]
[BlackElo "2385"]
[PlyCount "125"]
[EventDate "2023.04.04"]
[EventType "swiss (blitz)"]
[EventRounds "11"]
[EventCountry "USA"]
[SourceTitle "EXT 2024"]
[Source "ChessBase"]
[SourceDate "2023.10.10"]
[SourceVersion "1"]
[SourceVersionDate "2023.10.10"]
[SourceQuality "1"]

1. e4 c6 2. d4 d5 3. e5 Bf5 4. Be2 e6 5. Nf3 Nd7 6. 0-0 h6 7. h3 Ne7 8. Nc3 Bh7 9. b3 g5 10. Nh2 Ng6 11. Bd3 Bg7 12. Ne2 Qb6 13. Be3 0-0 14. Ng4 c5 15. c3 cxd4 16. cxd4 Rac8 17. Ng3 f5 18. Nxh6+ Bxh6 19. Qh5 Kg7 20. Bxg5 Bxg5 21. Qxg5 Qxd4 22. Rfd1 Qxe5 23. Re1 Qd6 24. Nh5+ Kh8 25. Rad1 Rf7 26. Be2 Rg8 27. Qd2 Nf6 28. Nxf6 Rxf6 29. Kh1 Nf4 30. Bf1 b6 31. g3 Ng6 32. Qb2 e5 33. Bc4 d4 34. Bxg8 Bxg8 35. Qe2 Bd5+ 36. Kh2 Bb7 37. Rg1 Qd5 38. Qh5+ Kg7 39. Rd2 d3 40. h4 e4 41. Qg5 Kf7 42. Rc1 Rc6 43. Rcd1 Ne5 44. Qh5+ Ke6 45. Qe8+ Kd6 46. Qb8+ Kc5 47. Qxb7 Nf3+ 48. Kh3 Nxd2 49. Rc1+ Kb4 50. Rxc6 e3 51. Rxb6+ axb6 52. Qxd5 e2 53. Qe6 Kc3 54. Kg2 Ne4 55. Qxb6 e1Q 56. Qa5+ Kc2 57. Qxe1 d2 58. Qf1 d1Q 59. Qxd1+ Kxd1 60. h5 Kc2 61. h6 Nf6 62. Kf3 Kc3 63. Kf4 1-0

[Event "Titled Tuesday intern op 28th Mar Early"]
[Site "Chess.com INT"]
[Date "2023.03.28"]
[Round "8"]
[White "Araujo Sanchez, Josue"]
[Black "Piskov, Yury"]
[Result "0-1"]
[WhiteElo "2306"]
[BlackElo "2442"]
[PlyCount "156"]
[EventDate "2023.03.28"]
[EventType "swiss (blitz)"]
[EventRounds "11"]
[EventCountry "USA"]
[SourceTitle "EXT 2024"]
[Source "ChessBase"]
[SourceDate "2023.10.10"]
[SourceVersion "1"]
[SourceVersionDate "2023.10.10"]
[SourceQuality "1"]

1. c4 Nf6 2. Nc3 g6 3. g3 Bg7 4. Bg2 0-0 5. e4 d6 6. d3 Nbd7 7. Nge2 c5 8. 0-0 Rb8 9. h3 a6 10. a4 b6 11. Be3 Bb7 12. Qd2 Ne5 13. f4 Nc6 14. f5 Na5 15. Rab1 Nd7 16. g4 e6 17. Bg5 f6 18. Bf4 e5 19. Be3 Nb3 20. Qd1 Nd4 21. Ng3 Qe7 22. h4 Rfc8 23. Nd5 Bxd5 24. exd5 b5 25. axb5 axb5 26. Be4 Nf8 27. fxg6 Nxg6 28. h5 Nf4 29. Bxd4 cxd4 30. Nf5 Qf8 31. b3 bxc4 32. bxc4 Qd8 33. Qd2 Bf8 34. Kh2 Rxb1 35. Rxb1 Qd7 36. Nxd4 Qg7 37. Ne6 Nxe6 38. dxe6 Re8 39. Qe3 Re7 40. Bf5 Re8 41. Kh3 Kh8 42. Ra1 Be7 43. Ra7 Qf8 44. Qf3 Qh6 45. Be4 f5 46. Bxf5 Qf6 47. Qf2 Rb8 48. Kg2 h6 49. Ra2 Rf8 50. Qe3 Kg7 51. Rf2 Qh4 52. Qg3 Qg5 53. Qf3 Kg8 54. Re2 Kh8 55. Rf2 Qg7 56. Ra2 Kg8 57. Ra8 Qf6 58. Rxf8+ Qxf8 59. Qb7 Kg7 60. Qd7 Kh8 61. Kf3 Kg7 62. Ke2 Kg8 63. Qb7 Qf6 64. Kd2 Kg7 65. Kc2 Qf8 66. Kb3 Qf6 67. Ka4 e4 68. Bxe4 Qa1+ 69. Kb5 Qb2+ 70. Kc6 Qf6 71. Kd7 Qf8 72. Kc6 Kf6 73. Qb2+ Kg5 74. Qd2+ Kxg4 75. Qg2+ Kh4 76. Bf3 Qc8+ 77. Kd5 Qc5+ 78. Ke4 Qe5# 0-1

[Event "Titled Tuesday intern op 28th Mar Early"]
[Site "Chess.com INT"]
[Date "2023.03.28"]
[Round "4"]
[White "Piskov, Yury"]
[Black "Kuzmin, Roman"]
[Result "1/2-1/2"]
[WhiteElo "2442"]
[BlackElo "2274"]
[PlyCount "102"]
[EventDate "2023.03.28"]
[EventType "swiss (blitz)"]
[EventRounds "11"]
[EventCountry "USA"]
[SourceTitle "EXT 2024"]
[Source "ChessBase"]
[SourceDate "2023.10.10"]
[SourceVersion "1"]
[SourceVersionDate "2023.10.10"]
[SourceQuality "1"]

1. d4 Nf6 2. c4 e6 3. Nc3 d5 4. Bf4 c6 5. e3 Be7 6. Nf3 Nbd7 7. cxd5 exd5 8. Bd3 Nh5 9. Be5 Nxe5 10. Nxe5 Nf6 11. 0-0 Nd7 12. Nxd7 Bxd7 13. Rc1 0-0 14. Re1 Bf6 15. a3 Re8 16. h3 g6 17. Na4 b6 18. Qf3 Rc8 19. Nc3 Be6 20. Ne2 c5 21. Bb5 Rf8 22. Nf4 cxd4 23. Rxc8 Qxc8 24. Nxd5 Bxd5 25. Qxf6 dxe3 26. Rxe3 Qc1+ 27. Kh2 Qc5 28. a4 Be6 29. Rc3 Qd6+ 30. f4 Qd2 31. Rd3 Qc2 32. Qd4 Rc8 33. b4 Qa2 34. Rd2 Qb1 35. Ba6 Rf8 36. Be2 Qc1 37. a5 Qc7 38. axb6 axb6 39. Bg4 Bxg4 40. hxg4 Re8 41. g5 Rc8 42. Qf6 b5 43. Rd5 Qb8 44. Rd7 Rf8 45. Rd5 Qc8 46. Rxb5 Qg4 47. Rb7 Qh4+ 48. Kg1 Qe1+ 49. Kh2 Qh4+ 50. Kg1 Qe1+ 51. Kh2 Qh4+ 1/2-1/2

[Event "Titled Tuesday intern op 28th Mar Early"]
[Site "Chess.com INT"]
[Date "2023.03.28"]
[Round "3"]
[White "Piskov, Yury"]
[Black "Martic, Ivan"]
[Result "1/2-1/2"]
[WhiteElo "2442"]
[BlackElo "2274"]
[PlyCount "250"]
[EventDate "2023.03.28"]
[EventType "swiss (blitz)"]
[EventRounds "11"]
[EventCountry "USA"]
[SourceTitle "EXT 2024"]
[Source "ChessBase"]
[SourceDate "2023.10.10"]
[SourceVersion "1"]
[SourceVersionDate "2023.10.10"]
[SourceQuality "1"]

1. e4 c5 2. c3 Nf6 3. e5 Nd5 4. Nf3 e6 5. d3 Nc6 6. c4 Nc7 7. Bf4 d6 8. exd6 Bxd6 9. Bxd6 Qxd6 10. Nc3 0-0 11. Be2 b6 12. 0-0 Bb7 13. Ne4 Qe7 14. a3 Rad8 15. Ned2 e5 16. b4 f5 17. Re1 Qd6 18. bxc5 Qxc5 19. Bf1 Ne6 20. Nb3 Qd6 21. Qe2 Nf4 22. Qb2 Rfe8 23. Rad1 Re6 24. g3 Nd4 25. Nbxd4 exd4 26. Rxe6 Qxe6 27. Ne1 Qc6 28. f3 Ne6 29. Bg2 f4 30. g4 Nc5 31. Qf2 Qf6 32. Nc2 g5 33. Qe2 Bc6 34. Re1 Re8 35. Qd1 Rxe1+ 36. Nxe1 Qe5 37. Nc2 Ba4 38. Bf1 Bxc2 39. Qxc2 Qe3+ 40. Kg2 Kg7 41. Be2 Kf6 42. Qd1 Ke5 43. Kf1 Kd6 44. Qb1 Kc7 45. Qd1 h6 46. Qc2 Nd7 47. Kg2 Ne5 48. Qd1 Nf7 49. Qf1 Ne5 50. Qd1 Ng6 51. Kh1 Qf2 52. Qf1 Qxf1+ 53. Bxf1 Kb7 54. Kg2 Ka6 55. Be2 Ka5 56. Bd1 Ne5 57. Bc2 b5 58. cxb5 Kxb5 59. Kf2 Nd7 60. Ke2 Nf6 61. Bb3 h5 62. gxh5 Nxh5 63. Ke1 Kc5 64. Ke2 Nf6 65. Be6 a5 66. Kd2 Kb5 67. Kc2 Kc5 68. Kd2 Ne8 69. Kc2 Nc7 70. Bg4 Nb5 71. Kb3 Nc3 72. Be6 Kb5 73. Bd7+ Kc5 74. h3 Ne2 75. Ka4 Kb6 76. Be6 Ng1 77. Bg4 Ne2 78. Kb3 Kc5 79. Bh5 Nc3 80. Kc2 a4 81. Be8 Kb6 82. Kb2 Ka5 83. Bf7 Ne2 84. Be6 Ng1 85. Bg4 Ne2 86. Bd7 Nc3 87. Kc2 Nb5 88. Kb2 Nc7 89. Bc6 Ne6 90. Bd5 Ng7 91. Kc2 Nf5 92. Kd2 Ne3 93. Be4 Ng2 94. Bc6 Nh4 95. Ke2 Ng2 96. Bd7 Ne3 97. Kd2 Nd5 98. Kc2 Nc3 99. Bc6 Ne2 100. Bd7 Ng3 101. Kd1 Nh5 102. Kd2 Nf6 103. Bc6 Nh7 104. Ke2 Nf8 105. Kf2 Ne6 106. Be4 Nc7 107. Bc6 Na6 108. Ke1 Nc5 109. Kd2 Na6 110. Kc2 Nc7 111. Bd7 Nd5 112. Kb2 Ne3 113. Bc6 Nf1 114. Bd7 Ng3 115. Bg4 Ne2 116. Kc2 Nc3 117. Be6 Ne2 118. Bc8 Ng3 119. Kd1 Nf1 120. Be6 Ne3+ 121. Kd2 Ng2 122. Bf5 Nh4 123. Be4 Ng2 124. Bc6 Ne3 125. Be4 Ng2 1/2-1/2

[Event "Titled Tuesday intern op 14th Mar Early"]
[Site "Chess.com INT"]
[Date "2023.03.14"]
[Round "6"]
[White "Martinez Alcantara, Jose Eduardo"]
[Black "Piskov, Yury"]
[Result "1-0"]
[WhiteElo "2607"]
[BlackElo "2442"]
[PlyCount "99"]
[EventDate "2023.03.14"]
[EventType "swiss (blitz)"]
[EventRounds "11"]
[EventCountry "USA"]
[SourceTitle "EXT 2024"]
[Source "ChessBase"]
[SourceDate "2023.10.10"]
[SourceVersion "1"]
[SourceVersionDate "2023.10.10"]
[SourceQuality "1"]

1. e4 e6 2. d4 d5 3. Nd2 c5 4. Ngf3 Nc6 5. exd5 Qxd5 6. Bc4 Qf5 7. dxc5 Nf6 8. 0-0 Bxc5 9. Bd3 Qh5 10. Ne4 Nxe4 11. Bxe4 Be7 12. Be3 0-0 13. Nd4 Qxd1 14. Rfxd1 Nxd4 15. Bxd4 a5 16. a4 Ra6 17. Be3 f5 18. Bf3 e5 19. Bd5+ Be6 20. f3 Bxd5 21. Rxd5 Re6 22. Rxa5 f4 23. Bf2 Rc8 24. c3 Rd8 25. Re1 Bf6 26. Rb5 Re7 27. Kf1 Rd2 28. Re2 Rd1+ 29. Be1 Ra1 30. Rb4 Kf7 31. g3 fxg3 32. hxg3 Rc1 33. Kg2 Rd1 34. Bf2 Red7 35. Rb5 R1d3 36. a5 R3d5 37. Rxd5 Rxd5 38. Bb6 g6 39. b4 Rd3 40. Rc2 e4 41. fxe4 Be5 42. c4 Rxg3+ 43. Kf1 Rd3 44. b5 Ke6 45. Ke2 Rb3 46. Ra2 Rb4 47. Kd3 Rb3+ 48. Ke2 Rb4 49. a6 Rxc4 50. a7 1-0

[Event "Titled Tuesday intern op 14th Mar Early"]
[Site "Chess.com INT"]
[Date "2023.03.14"]
[Round "7"]
[White "Piskov, Yury"]
[Black "Agasarov, Benik"]
[Result "0-1"]
[WhiteElo "2442"]
[BlackElo "2235"]
[PlyCount "186"]
[EventDate "2023.03.14"]
[EventType "swiss (blitz)"]
[EventRounds "11"]
[EventCountry "USA"]
[SourceTitle "EXT 2024"]
[Source "ChessBase"]
[SourceDate "2023.10.10"]
[SourceVersion "1"]
[SourceVersionDate "2023.10.10"]
[SourceQuality "1"]

1. e4 c5 2. Nf3 d6 3. c3 Nf6 4. Be2 g6 5. 0-0 Bg7 6. Re1 0-0 7. Bf1 e5 8. d4 cxd4 9. cxd4 exd4 10. Nxd4 Nc6 11. Nc3 d5 12. Bg5 h6 13. Bxf6 Qxf6 14. Nxc6 bxc6 15. exd5 cxd5 16. Nxd5 Qxb2 17. Rb1 Qxa2 18. Nb4 Qa5 19. Nc6 Qg5 20. Re3 Bg4 21. Qd6 Rae8 22. Rg3 Re6 23. Qc7 Qc5 24. Rc1 Qxc1 25. Ne7+ Rxe7 26. Qxc1 Rc8 27. Qa3 Re1 28. Rxg4 Rcc1 29. Qd3 Rcd1 30. Qxd1 Rxd1 31. Ra4 Bd4 32. Ra2 Bb6 33. g3 Kg7 34. Kg2 a5 35. Bb5 Rd4 36. Rb2 Bc5 37. Rc2 Bd6 38. Rc1 Rb4 39. Bd3 Rb2 40. Rc6 Be5 41. Rc2 Rb3 42. Bc4 Rb4 43. Bf1 a4 44. Rc4 Rxc4 45. Bxc4 a3 46. Kf3 Bb2 47. Ke3 Kf6 48. Bd5 Ke7 49. Kd3 f6 50. Bb3 Kd6 51. Kc4 g5 52. f3 Ke5 53. Kb4 Kd4 54. Be6 Ke3 55. Bd5 Kf2 56. g4 Kg2 57. Ka4 Kxh2 58. Kb4 Kg3 59. Kb3 Kf4 60. Bc6 f5 61. Bd7 Kxf3 62. Bxf5 Kf4 63. Bc8 Bc1 64. Ka2 Ke5 65. Bd7 Kd6 66. Ba4 Bb2 67. Bd1 Ke7 68. Be2 Kf6 69. Bd3 Bc1 70. Bb5 Bb2 71. Bc4 Ke5 72. Bf7 Bc1 73. Bb3 Bb2 74. Bc4 Kf4 75. Be6 Kg3 76. Kb3 Kh4 77. Bc8 h5 78. gxh5 Kxh5 79. Bh3 Kh4 80. Bg2 g4 81. Bd5 Kg3 82. Be6 Kf3 83. Bd5+ Kf2 84. Ka2 g3 85. Bh1 g2 86. Bxg2 Kxg2 87. Kb3 Kf3 88. Ka2 Ke4 89. Kb3 Kd5 90. Kc2 Kc4 91. Kb1 Bd4 92. Ka2 Kb4 93. Kb1 Kb3 0-1

[Event "Titled Tuesday intern op 14th Mar Early"]
[Site "Chess.com INT"]
[Date "2023.03.14"]
[Round "10"]
[White "Piskov, Yury"]
[Black "Chen, Justin"]
[Result "1-0"]
[WhiteElo "2442"]
[BlackElo "2333"]
[PlyCount "67"]
[EventDate "2023.03.14"]
[EventType "swiss (blitz)"]
[EventRounds "11"]
[EventCountry "USA"]
[SourceTitle "EXT 2024"]
[Source "ChessBase"]
[SourceDate "2023.10.10"]
[SourceVersion "1"]
[SourceVersionDate "2023.10.10"]
[SourceQuality "1"]

1. d4 d5 2. Nf3 Nf6 3. c4 dxc4 4. Nc3 a6 5. e4 b5 6. d5 e6 7. Bg5 Be7 8. a4 exd5 9. axb5 dxe4 10. Qxd8+ Bxd8 11. Ne5 0-0 12. Bxc4 Bb7 13. 0-0 axb5 14. Rxa8 Bxa8 15. Nxb5 Nc6 16. Bxf6 Bxf6 17. Nd7 Rc8 18. Nxf6+ gxf6 19. Bd5 Nd4 20. Bxa8 Ne2+ 21. Kh1 Rxa8 22. Nxc7 Rb8 23. Nd5 Kg7 24. b4 Rb5 25. Rd1 Rb7 26. g3 f5 27. Kg2 f4 28. gxf4 Rd7 29. Ne3 Rxd1 30. Nxd1 Nxf4+ 31. Kf1 Nd5 32. b5 f5 33. Ne3 Nc3 34. b6 1-0

[Event "Titled Tuesday intern op 14th Mar Early"]
[Site "Chess.com INT"]
[Date "2023.03.14"]
[Round "1"]
[White "Silva, Caio Henrique Angel"]
[Black "Piskov, Yury"]
[Result "0-1"]
[WhiteElo "2129"]
[BlackElo "2442"]
[PlyCount "92"]
[EventDate "2023.03.14"]
[EventType "swiss (blitz)"]
[EventRounds "11"]
[EventCountry "USA"]
[SourceTitle "EXT 2024"]
[Source "ChessBase"]
[SourceDate "2023.10.10"]
[SourceVersion "1"]
[SourceVersionDate "2023.10.10"]
[SourceQuality "1"]

1. Nf3 d5 2. g3 Nf6 3. Bg2 Bf5 4. 0-0 e6 5. d4 Be7 6. c4 c6 7. Nc3 0-0 8. Nh4 Be4 9. f3 Bg6 10. Nxg6 hxg6 11. Qb3 b6 12. cxd5 cxd5 13. Bd2 Nc6 14. e3 Na5 15. Qd1 Nc4 16. Rb1 Rc8 17. Re1 Qd7 18. Bf1 b5 19. a3 a5 20. a4 bxa4 21. Bc1 a3 22. bxa3 Nxa3 23. Bxa3 Bxa3 24. Nb5 Bb4 25. e4 Bxe1 26. Qxe1 dxe4 27. fxe4 Rb8 28. e5 Nd5 29. Qxa5 Ne3 30. Be2 Qc6 31. Kf2 Ng4+ 32. Kg1 Ne3 33. Kf2 Qe4 34. Rb3 Ng4+ 35. Bxg4 Qc2+ 36. Be2 Qxb3 37. Nd6 Qb2 38. Qc5 f6 39. Qc4 fxe5+ 40. Kg2 Kh7 41. dxe5 Qxe5 42. Ne4 Rb2 43. Kh3 Rfb8 44. Bg4 R8b4 45. Ng5+ Qxg5 46. Qxe6 Qh6+ 0-1

[Event "Titled Tuesday intern op 7th Mar Late"]
[Site "Chess.com INT"]
[Date "2023.03.07"]
[Round "6"]
[White "Duda, Jan Krzysztof"]
[Black "Piskov, Yury"]
[Result "0-1"]
[WhiteElo "2724"]
[BlackElo "2442"]
[PlyCount "188"]
[EventDate "2023.03.07"]
[EventType "swiss (blitz)"]
[EventRounds "11"]
[EventCountry "USA"]
[SourceTitle "EXT 2024"]
[Source "ChessBase"]
[SourceDate "2023.10.10"]
[SourceVersion "1"]
[SourceVersionDate "2023.10.10"]
[SourceQuality "1"]

1. c3 d5 2. d4 Nf6 3. Bf4 c6 4. e3 g6 5. h3 Bg7 6. Nf3 0-0 7. Be2 c5 8. 0-0 Nbd7 9. a4 b6 10. Nbd2 Bb7 11. b4 Ne4 12. Qb3 Nxd2 13. Nxd2 e5 14. dxe5 c4 15. Qc2 Nxe5 16. Nf3 Nxf3+ 17. Bxf3 Qe7 18. Rfd1 Rad8 19. Bg3 h5 20. b5 Qf6 21. Rd4 Qe6 22. Rd2 Rfe8 23. a5 Qf6 24. Rd4 Qe6 25. Rdd1 Qf6 26. a6 Ba8 27. Rd4 Qe6 28. Qd2 Bxd4 29. exd4 f6 30. Qh6 Qf7 31. h4 Qh7 32. Qf4 Re6 33. Kh2 Rde8 34. Rg1 Rf8 35. Bd1 Qd7 36. Qh6 Qg7 37. Qd2 Rfe8 38. Bf4 Qh7 39. g3 Re4 40. Be3 Qd7 41. Ba4 R4e6 42. Kg2 f5 43. Rf1 Qf7 44. Qe2 Qe7 45. Qf3 Qf6 46. Bc2 Rf8 47. Bh6 Rfe8 48. Bg5 Qf7 49. Bf4 Re2 50. Bd1 R2e6 51. Ba4 Re1 52. Kg1 Qe6 53. Be5 Rxe5 54. dxe5 Qxe5 55. Bc2 Kf7 56. Rd1 d4 57. cxd4 Bxf3 58. dxe5 Bxd1 59. Bxd1 Rxe5 60. Kf1 Rxb5 61. Be2 Rb4 62. Ke1 Kf6 63. Kd2 Ke5 64. Kc3 Rb3+ 65. Kxc4 Rb2 66. Kd3 Ra2 67. Ke3 Ra3+ 68. Bd3 b5 69. Kd2 b4 70. Bc4 Kd4 71. Bf7 Rxa6 72. Kc2 Rf6 73. Be8 a5 74. Kb3 f4 75. gxf4 Rxf4 76. Bxg6 Rxh4 77. Ka4 Rh1 78. Bf7 Kc5 79. f4 Ra1+ 80. Kb3 Rf1 81. Bxh5 Rxf4 82. Ka4 Rh4 83. Bf3 Rh2 84. Bd1 Ra2+ 85. Kb3 Ra1 86. Bc2 Ra3+ 87. Kb2 Rg3 88. Ba4 Kc4 89. Bc6 Re3 90. Bb7 Re2+ 91. Kc1 Kc3 92. Kd1 Rh2 93. Kc1 a4 94. Kb1 b3 0-1

[Event "Titled Tuesday intern op 7th Mar Early"]
[Site "Chess.com INT"]
[Date "2023.03.07"]
[Round "6"]
[White "Manukyan, Sargis V"]
[Black "Piskov, Yury"]
[Result "0-1"]
[WhiteElo "2253"]
[BlackElo "2442"]
[PlyCount "150"]
[EventDate "2023.03.07"]
[EventType "swiss (blitz)"]
[EventRounds "11"]
[EventCountry "USA"]
[SourceTitle "EXT 2024"]
[Source "ChessBase"]
[SourceDate "2023.10.10"]
[SourceVersion "1"]
[SourceVersionDate "2023.10.10"]
[SourceQuality "1"]

1. Nf3 c5 2. g3 g6 3. d4 Bg7 4. Bg2 cxd4 5. Nxd4 Nc6 6. Nxc6 bxc6 7. 0-0 Nf6 8. c4 0-0 9. Nc3 Rb8 10. b3 c5 11. Bb2 d6 12. Qd2 Bb7 13. Nd5 Ng4 14. Bxg7 Kxg7 15. Rad1 Bxd5 16. Bxd5 Nf6 17. Bg2 a6 18. e4 Qc7 19. f4 Rfe8 20. h3 Rbd8 21. g4 Nd7 22. g5 Rf8 23. Kh1 f6 24. h4 Nb8 25. h5 Nc6 26. f5 Nd4 27. fxg6 hxg6 28. Qf4 Ne6 29. gxf6+ exf6 30. Qg4 Ng5 31. Kg1 gxh5 32. Qxh5 Rh8 33. Qg4 Rh6 34. Rd5 Rg6 35. Rdf5 Qd7 36. R1f2 Ne6 37. Qh3 Rh8 38. Rh5 Rxh5 39. Qxh5 Nd4 40. Kf1 Rg5 41. Qh4 Qe6 42. Qf4 Rg4 43. Qe3 f5 44. Bh3 Rxe4 45. Qg3+ Kf8 46. Qg5 Re1+ 47. Kg2 Qe4+ 48. Kg3 Re3+ 49. Kh2 Nf3+ 50. Rxf3 Rxf3 51. Qf6+ Ke8 52. Qg6+ Kd7 53. Bg2 Qe5+ 54. Kg1 Rg3 55. Qf7+ Kd8 56. Qf8+ Kc7 57. Qf7+ Kb6 58. Qb7+ Ka5 59. b4+ cxb4 60. Qc7+ Ka4 61. Qc6+ Ka3 62. Qxa6+ Kb2 63. Qb7 Qe1+ 64. Kh2 Rg5 65. a3 Rh5+ 66. Bh3 Qf2+ 67. Qg2 Qxg2+ 68. Kxg2 bxa3 69. c5 a2 70. cxd6 a1Q 71. d7 Qa8+ 72. Kg1 Rxh3 73. Kf2 Qf3+ 74. Ke1 Rh1+ 75. Kd2 Rd1# 0-1

[Event "Titled Tuesday intern op 7th Mar Late"]
[Site "Chess.com INT"]
[Date "2023.03.07"]
[Round "7"]
[White "Piskov, Yury"]
[Black "Liang, Awonder"]
[Result "0-1"]
[WhiteElo "2442"]
[BlackElo "2643"]
[PlyCount "74"]
[EventDate "2023.03.07"]
[EventType "swiss (blitz)"]
[EventRounds "11"]
[EventCountry "USA"]
[SourceTitle "EXT 2024"]
[Source "ChessBase"]
[SourceDate "2023.10.10"]
[SourceVersion "1"]
[SourceVersionDate "2023.10.10"]
[SourceQuality "1"]

1. e4 b6 2. Nc3 Bb7 3. d4 e6 4. Bd3 d6 5. Nf3 Nd7 6. 0-0 g6 7. d5 e5 8. Bb5 Ne7 9. Be3 Bg7 10. h3 a6 11. Bd3 0-0 12. a3 h6 13. Qd2 Kh7 14. Rfe1 Bc8 15. g4 Nc5 16. Bf1 f5 17. exf5 gxf5 18. b4 fxg4 19. Nh2 Nd7 20. Bd3+ Kg8 21. Nxg4 Nf6 22. Nxh6+ Kh8 23. Kh1 Qe8 24. Rg1 Qh5 25. Rg3 Bxh3 26. Kg1 Ng4 27. Nxg4 Bxg4 28. Rg2 Bh3 29. Rg5 Qh4 30. Qd1 Bh6 31. Rh5 Rg8+ 32. Kh2 Rg2+ 33. Kh1 Nf5 34. Bxf5 Qg3 35. Rxh6+ Kg7 36. Rg6+ Qxg6 37. Bxg6 Rh8 0-1

[Event "Titled Tuesday intern op 28th Feb Late"]
[Site "Chess.com INT"]
[Date "2023.02.28"]
[Round "2"]
[White "Arencibia Monduy, Antonio"]
[Black "Piskov, Yury"]
[Result "1/2-1/2"]
[WhiteElo "2115"]
[BlackElo "2442"]
[PlyCount "105"]
[EventDate "2023.02.28"]
[EventType "swiss (blitz)"]
[EventRounds "11"]
[EventCountry "USA"]
[SourceTitle "CBM 213 Extra"]
[Source "ChessBase"]
[SourceDate "2023.05.31"]
[SourceVersion "1"]
[SourceVersionDate "2023.05.31"]
[SourceQuality "1"]

1. e4 e5 2. Bc4 c6 3. d3 Nf6 4. Nf3 d5 5. Bb3 Bg4 6. Qe2 Nbd7 7. c3 Nc5 8. Bc2 Be7 9. Nbd2 Ne6 10. Nf1 d4 11. h3 Bxf3 12. Qxf3 0-0 13. Ng3 dxc3 14. bxc3 Qa5 15. Bd2 Nd7 16. Nf5 Bg5 17. Ne3 Rad8 18. 0-0 Nd4 19. Qd1 Nxc2 20. Qxc2 Qc7 21. Rad1 Nc5 22. d4 Ne6 23. d5 Bxe3 24. Bxe3 Nf4 25. Bxf4 exf4 26. c4 f3 27. g3 f5 28. exf5 cxd5 29. Qd3 dxc4 30. Qxf3 Rxd1 31. Rxd1 c3 32. Rc1 Rc8 33. f6 Qc6 34. Qg4 g6 35. Qd4 c2 36. Qd3 Kf7 37. Qd4 b6 38. h4 Rc7 39. h5 a5 40. hxg6+ hxg6 41. Qh4 Rc8 42. Qh7+ Kxf6 43. Qh4+ Kg7 44. Qd4+ Kg8 45. Qd3 b5 46. a3 Kf7 47. Qe3 a4 48. Qf4+ Kg7 49. Qd4+ Kg8 50. Qd3 Kg7 51. Qd4+ Kg8 52. Qd3 Kg7 53. Qd4+ 1/2-1/2

[Event "Titled Tuesday intern op 28th Feb Early"]
[Site "Chess.com INT"]
[Date "2023.02.28"]
[Round "7"]
[White "Grigoriants, Sergey"]
[Black "Piskov, Yury"]
[Result "1-0"]
[WhiteElo "2572"]
[BlackElo "2442"]
[PlyCount "93"]
[EventDate "2023.02.28"]
[EventType "swiss (blitz)"]
[EventRounds "11"]
[EventCountry "USA"]
[SourceTitle "CBM 213 Extra"]
[Source "ChessBase"]
[SourceDate "2023.05.31"]
[SourceVersion "1"]
[SourceVersionDate "2023.05.31"]
[SourceQuality "1"]

1. d4 Nf6 2. c4 e6 3. Nc3 d5 4. cxd5 exd5 5. Bg5 Nbd7 6. e3 c6 7. Bd3 Qb6 8. Qc2 h6 9. Bh4 Be7 10. Nge2 0-0 11. 0-0 Re8 12. Rae1 a6 13. f3 c5 14. Bf2 Qc7 15. Nf4 Qd6 16. Bg3 Qc6 17. Kh1 c4 18. Bf5 g5 19. Nfe2 Nb6 20. Bxc8 Raxc8 21. e4 Nbd7 22. e5 Nh5 23. f4 Rf8 24. f5 b5 25. f6 Bb4 26. Rf5 Bxc3 27. bxc3 a5 28. h4 Nhxf6 29. exf6 Nxf6 30. hxg5 Ne4 31. Be5 Qg6 32. Ref1 Rce8 33. Kg1 hxg5 34. Ng3 Qh6 35. Nxe4 dxe4 36. Qxe4 a4 37. Qd5 Re6 38. Bg3 g4 39. Rg5+ Rg6 40. Rff5 Qg7 41. Rxg6 Qxg6 42. Rg5 Kh7 43. Rxg6 Kxg6 44. Qd6+ Kg7 45. Be5+ f6 46. Qd7+ Rf7 47. Qxg4+ 1-0